Od benchmarkingu k rapidmarkingu

Pojmové vymedzenie benchmarkingu. Využitie benchmarkingu v praxi. Strategické plánovanie. Manažment zmien. Riadenie reinžinieringu. Manažment vedomostí.

Gespeichert in:
Bibliographische Detailangaben
Format: Buchkapitel
Sprache:Tschechisch
Schlagworte:
Tags: Tag hinzufügen
Keine Tags, Fügen Sie das erste Tag hinzu!

MARC

LEADER 00000naa a2200000 4500
001 r043421
005 20231002103534.2
041 0 |a cze 
044 |a CZ 
245 1 0 |a Od benchmarkingu k rapidmarkingu 
520 |a Pojmové vymedzenie benchmarkingu. Využitie benchmarkingu v praxi. Strategické plánovanie. Manažment zmien. Riadenie reinžinieringu. Manažment vedomostí. 
610 2 0 |a benchmarking 
610 2 0 |a riadenie podnikové 
610 2 0 |a manažment 
610 2 0 |a riadenie zmien 
610 2 0 |a plánovanie strategické